Introducción a los métodos numéricos con Pascal

Zapisane w:
Opis bibliograficzny
Główni autorzy: Atkinson, Laurence V (Autor), Harley, P. J (Autor)
Format: Książka
Język:hiszpański
Wydane: Wilmington Addison-Wesley Iberoamericana 1987
Hasła przedmiotowe:
Etykiety: Dodaj etykietę
Nie ma etykietki, Dołącz pierwszą etykiete!

MARC

LEADER 00000nam a2200000 a 4500
001 UCV3779
003 CL-VaPUC
008 911111e19870000US |||||||||||||||||spa|d
082 0 4 |a 519.4  |b ATK  |2 21 
100 0 |a Atkinson, Laurence V  |e author  |9 298118 
700 0 |a Harley, P. J  |e author  |9 298119 
245 1 0 |a Introducción a los métodos numéricos con Pascal 
300 |a 305 p 
942 |c BK 
945 |d 19911111 00:00:00 
260 |a Wilmington  |b Addison-Wesley Iberoamericana  |c 1987 
650 0 |a Análisis numérico   |9 259387 
650 0 |a Proceso de datos   |9 259776 
650 7 |a PASCAL LENGUAJE DE PROGRAMACION PARA COMPUTADORES  |2 CL-VaPUC  |9 259777 
583 |a last modification  |c 19911111 00:00:00  |k Rodrigo Vera 
999 |c 210907  |d 210905 
952 |0 0  |1 0  |4 0  |6 519_400000000000000_ATK_1987  |7 0  |8 A  |9 187946  |a BIBALI  |b BIBALI  |c GEN  |d 2019-11-14  |i 2554305  |o 519.4 ATK 1987  |p 2554305  |r 2025-01-20  |w 2019-11-14  |y BK  |k ALI 
952 |0 0  |1 0  |4 0  |6 519_400000000000000_ATK_1987  |7 0  |8 A  |9 187947  |a BIBING  |b BIBING  |d 2019-11-14  |i 3589145  |o 519.4 ATK 1987  |p 3589145  |r 2025-01-20  |w 2019-11-14  |y BK  |k ING